000 00391nam a2200169Ia 4500
008 230917s9999||||xx |||||||||||||| ||und||
020 _cPOU10.95
040 _e8193
_aMAIN
041 _aEnglish
082 _a589.3 R761B
100 _aRound, F E
245 0 _aBiology of the algae
250 _a2nd ed.
260 _aLondon
_bEdward Arnold
_c1981
300 _avii, 278 p.
942 _cBK
999 _c55943
_d55943